01106nam a2200193Ia 4500001001000000003001000010008004100020040002500061041001300086100001800099245002700117250001100144260006000155300002900215500026000244501011400504520026000618650003400878L235-7371IT-CnALBA170116s9999||||xx |||||||||||||| ||und|| aIT-CnALBAcIT-CnALBA aITALIANO aRAVENNES JEAN 0aMARIA DI GERUSALEMME.  a1a ed. a BRESCIAbGATTI VITTORIO, EDITORE c1929 [1° Ed.:1929] a312 p. (prefazione: 711) aPRESENTAZIONE DI MARIA STICCO. TRADUZIONE DI ALMA MORGANTE. STELLA MATTUTINA. PORTA DORATA. FIGLIA DI RE. SORGENTE DI ACQUA VIVA. SPOSA GIGLIO ARCA DELL'ALLEANZA. AURORA. GIARDINO DI DELIZIE. ROSA MISTICA. PIENA DI GRAZIA. VASO DI ELEZIONE. TORRE DAVIDICA aSocietà San Paolo EM - Piazza San Paolo, 14 - 12051 ALBA (CN) (non commercial uses only) ® Copyright 2017 aPRESENTAZIONE DI MARIA STICCO. TRADUZIONE DI ALMA MORGANTE. STELLA MATTUTINA. PORTA DORATA. FIGLIA DI RE. SORGENTE DI ACQUA VIVA. SPOSA GIGLIO ARCA DELL'ALLEANZA. AURORA. GIARDINO DI DELIZIE. ROSA MISTICA. PIENA DI GRAZIA. VASO DI ELEZIONE. TORRE DAVIDICA aMARIA SS. ANGELI SANTI DEMONI